Music Quiz

Random Music or Rock Quiz

Rock HoF Inductees by Any Three Letters Quiz Stats

 Plays Quiz not verified by Sporcle

Score 0/209 Timer 10:00
0 Plays Today
% Correct
U2
100%
The Rolling Stones
97.5%
Elvis Costello & the Attractions
97.5%
The Allman Brothers Band
97.3%
The Beatles
97.2%
Grandmaster Flash and The Furious Five
97.1%
Joan Jett & the Blackhearts
97.1%
Tom Petty and the Heartbreakers
97%
The Beach Boys
96.9%
The Coasters
96.9%
The Isley Brothers
96.9%
Frankie Lymon & The Teenagers
96.9%
Sly and the Family Stone
96.9%
The Jackson 5
96.9%
Little Anthony and the Imperials
96.9%
Martha and the Vandellas
96.8%
The Jimi Hendrix Experience
96.7%
The Paul Butterfield Blues Band
96.6%
The Everly Brothers
96.5%
The Righteous Brothers
96.5%
The Dave Clark Five
96.5%
The Mamas & the Papas
96.5%
The Staple Singers
96.5%
The Supremes
96.4%
The Velvet Underground
96.4%
The (Young) Rascals
96.4%
The Four Seasons
96.3%
The Band
95.9%
The Ronettes
95.9%
The Impressions
95.8%
The Clash
95.8%
The Platters
95.7%
Bill Withers
95.7%
Gladys Knight & the Pips
95.6%
The Ventures
95.6%
Stevie Ray Vaughan and Double Trouble
95.6%
Booker T. & the M.G.'s
95.5%
The Kinks
95.5%
The Temptations
95.4%
Bobby 'Blue' Bland
95.3%
The Animals
95.3%
The Shirelles
95.3%
Crosby, Stills & Nash
95.3%
The Hollies
95.3%
The Crickets
95.3%
The Comets
95.1%
The Doors
95.1%
The Lovin' Spoonful
95.1%
Jackson Browne
95.1%
Sam & Dave
95%
The Stooges
95%
The Drifters
94.9%
The Dells
94.9%
The Flamingos
94.7%
Hall & Oates
94.6%
The Miracles
94.4%
The Who
94.3%
Bruce Springsteen
94.3%
Michael Jackson
94.3%
The Midnighters
94.3%
The Police
94.2%
The Yardbirds
94%
The Moonglows
93.9%
Little Willie John
93.8%
The Famous Flames
93.8%
Randy Newman
93.8%
The Byrds
93.6%
Jackie Wilson
93.6%
The Blue Caps
93.6%
Simon & Garfunkel
93.5%
% Correct
Ike & Tina Turner
93.5%
John Mellencamp
93.5%
The O'Jays
93.3%
Earth, Wind & Fire
93%
John Lennon
92.3%
Elton John
92.2%
Jefferson Airplane
91.9%
Little Richard
91.8%
George Harrison
91.5%
John Lee Hooker
91.4%
Johnny Cash
91.3%
Creedence Clearwater Revival
90.3%
Ricky Nelson
90.2%
Marvin Gaye
90%
Van Morrison
90%
Buffalo Springfield
89.9%
Dusty Springfield
89.6%
James Brown
89.6%
Wilson Pickett
89.6%
Paul McCartney
89.3%
Steve Miller
89%
Elvis Presley
88.9%
Red Hot Chili Peppers
88.8%
Bob Marley
88.6%
Albert King
88.5%
Aretha Franklin
88.3%
Smokey Robinson
88.3%
Eric Clapton
87.9%
Dr. John
87.8%
Talking Heads
87.7%
Beastie Boys
87.6%
Otis Redding
87.1%
James Taylor
87%
Linda Ronstadt
86%
Cheap Trick
86%
Ray Charles
85.9%
Bill Haley
85.6%
Roy Orbison
85.3%
Carl Perkins
84.9%
Pretenders
84.2%
Stevie Wonder
84.1%
B.B. King
84%
Peter Gabriel
83.1%
Rod Stewart
82.8%
Joni Mitchell
82.8%
Paul Simon
82.6%
Bobby Womack
82.1%
Cat Stevens
82.1%
Miles Davis
82%
Ritchie Valens
81.8%
Van Halen
81.2%
Ruth Brown
81.1%
Billy Joel
80.9%
Bobby Darin
80.9%
Steely Dan
80.4%
Etta James
80.2%
Green Day
80.2%
Muddy Waters
80.1%
Bob Dylan
79.9%
Led Zeppelin
79.4%
Black Sabbath
79.3%
Metallica
79.2%
Parliament–Funkadelic
78.7%
Darlene Love
78.4%
Lloyd Price
77.8%
Hank Ballard
77.3%
Fleetwood Mac
77.2%
Janis Joplin
76.9%
Ramones
76.9%
Aerosmith
76.6%
% Correct
Bob Seger
76.4%
Percy Sledge
76.4%
Al Green
76.1%
Big Joe Turner
76%
Frank Zappa
74.9%
Alice Cooper
74.5%
Small Faces
74.4%
Donovan
74.1%
Nirvana
73.3%
Donna Summer
72.9%
Neil Diamond
72%
Chuck Berry
71.9%
Madonna
70.7%
Isaac Hayes
70.7%
Patti Smith
70.7%
Jerry Lee Lewis
70.4%
Brenda Lee
70.4%
Heart
69.6%
Clyde McPhatter
69.5%
Buddy Holly
69.4%
Del Shannon
68.6%
Prince
68.6%
Sex Pistols
67.8%
Gene Vincent
67.4%
Leonard Cohen
67.1%
Genesis
65.5%
Neil Young
64.5%
Eagles
64.5%
Grateful Dead
64.2%
David Bowie
63.9%
Santana
63.5%
Eddie Cochran
61.9%
Four Tops
61.8%
Gene Pitney
61.7%
Jimmy Reed
61.5%
Bonnie Raitt
60.9%
Chicago
59.7%
Curtis Mayfield
58.5%
Blondie
57.9%
Public Enemy
56.8%
Sam Cooke
56.3%
Queen
56.2%
Lou Reed
55.7%
Jimmy Cliff
54.3%
Bo Diddley
53.9%
Solomon Burke
52.6%
LaVern Baker
52%
Guns N' Roses
51.5%
Pink Floyd
51%
Cream
50.6%
Laura Nyro
50.3%
Duane Eddy
50.1%
Tom Waits
47%
Dion
46.2%
Run–D.M.C.
46%
Jeff Beck
45.5%
Fats Domino
44.2%
Deep Purple
40.1%
Lynyrd Skynyrd
37.3%
Traffic
33.9%
Buddy Guy
33.5%
Rush
33.5%
ZZ Top
32.5%
ABBA
32.3%
Kiss
32.2%
R.E.M.
31.1%
Bee Gees
29.9%
AC/DC
29.8%
N.W.A
22%

You're not logged in!

Compare scores with friends on all Sporcle quizzes.
OR
Log In

Sporcle TV

Today on Sporcle TV


Watch our educational content, quiz creation guides, and fun videos on Sporcle TV.

Show Comments

Extras

Top Quizzes Today


Score Distribution

Your Account Isn't Verified!

In order to create a playlist on Sporcle, you need to verify the email address you used during registration. Go to your Sporcle Settings to finish the process.

Report this User

Report this user for behavior that violates our Community Guidelines.

Details: